000 00381nam a2200145Ia 4500
008 230917s9999||||xx |||||||||||||| ||und||
040 _e160446
_aMAIN
041 _aEnglish
082 _a647.94 R186H
100 _aRastogi, A P
245 0 _aHotel organisation and the front office management
260 _aNew Delhi
_bAman Publications
_c2005
300 _a293 p.
942 _cBK
999 _c135876
_d135876